000 004310000a22001810004500
003 MACL
005 20151205132149.0
008 151205b xxu||||| |||| 00| 0 eng d
040 _aMACL
_cMACL
041 _aEnglish
082 _a741.642
100 _aKhanna,K C
_919269
245 _aAs They Saw India
260 _bNatinoal Book Trust
_c1971
350 _a1.50
650 _aChildren's Books
_97484
942 _cBK
_k741.642
_2ddc
999 _c7675
_d7675